| 000 | 00601nam a2200181Ia 4500 | ||
|---|---|---|---|
| 008 | 151018s9999 xx 000 0 und d | ||
| 082 |
_bRBASDV36629 _a891.462 |
||
| 100 | _aशारदाकुमार शिर्सेकर | ||
| 245 | _aसैतान | ||
| 250 | _b1 | ||
| 260 |
_bत्रिदल प्रकाशन मुंबई _c1981 |
||
| 300 | _a87 | ||
| 600 | _aशारदाकुमार शिर्सेकर | ||
| 630 | _aसैतान | ||
| 700 | _aशारदाकुमार शिर्सेकर | ||
| 730 | _aसैतान | ||
| 942 | _cBOOK | ||
| 999 |
_c1036076 _d1036073 |
||